| Поле | Название | Значение |
| |
Тип записи |
a |
| |
Библиографический уровень |
m |
| 001 |
Контрольный номер |
de41d352c8b540d8baa1265084975d81 |
| 005 |
Дата корректировки |
20140604094408.1 |
| 010 |
Индекс ISBN |
__ |
| a |
ISBN |
978-5-904794-04-0 |
| 101 |
Язык документа |
0_ |
| a |
Язык текста |
rus |
| 102 |
Страна публикации |
__ |
| a |
Страна публикации |
RU |
| 200 |
Заглавие и сведения об ответственности |
1_ |
| a |
Заглавие |
Финансовое планирование на предприятии в условиях кризиса |
| f |
Первые сведения об ответственности |
А. В. Беклемишев, И. М. Брыкин |
| 210 |
Выходные данные |
1_ |
| c |
Издательство |
Международная Медиа Группа |
| a |
Место издания |
М. |
| d |
Дата издания |
2010 |
| 215 |
Физическое описание |
__ |
| a |
Объем |
45, [3] с. |
| 225 |
Серия |
2_ |
| a |
Серия |
Финансовая газета: международный финансовый еженедельник |
| 610 |
Ключевые слова |
0_ |
| a |
Ключевые слова |
финансы предприятия |
| 610 |
Ключевые слова |
0_ |
| a |
Ключевые слова |
финансовое планирование |
| 610 |
Ключевые слова |
0_ |
| a |
Ключевые слова |
прогнозирование |
| 610 |
Ключевые слова |
0_ |
| a |
Ключевые слова |
методы прогнозирования |
| 610 |
Ключевые слова |
0_ |
| a |
Ключевые слова |
кризис |
| 686 |
Индексы других классификаций |
__ |
| a |
Классификационный индекс |
65.9(2)261.9 |
| 2 |
Код системы |
rubbk |
| 700 |
Автор |
_1 |
| a |
Фамилия |
Беклемишев |
| b |
Имя |
А. В. |
| g |
Полное личное имя |
Алексей Владимирович |
| 701 |
Альтернативная интеллектуальная ответственность |
_1 |
| a |
Фамилия |
Брыкин |
| b |
Имя |
И. М. |
| g |
Полное личное имя |
Илья Михайлович |
| 801 |
Источник записи |
_0 |
| a |
Страна |
RU |
| b |
Организация |
РУК |
| c |
Дата составления |
20101115 |
| g |
Правила каталогизации |
PSBO |
| 801 |
Источник записи |
_1 |
| a |
Страна |
RU |
| b |
Организация |
РУК |
| c |
Дата составления |
20101115 |
| g |
Правила каталогизации |
PSBO |
| 852 |
Данные о местонахождении |
__ |
| i |
Авторский знак |
Б 42 |
| j |
Шифр хранения |
ББК 65.9(2)26 |
| 901 |
Тип документа |
__ |
| t |
Тип документа |
m |
| 938 |
Служебная информация |
__ |
| a |
Название организации |
Головной вуз |
| b |
Имя БД |
BOOK |
| c |
Название АИБС |
АИБС ИРБИС |